<?xml version="1.0" encoding="UTF-8"?>
<collection xmlns="http://www.loc.gov/MARC21/slim">
 <record>
  <leader>00987nam a2200181   4500</leader>
  <controlfield tag="001">1/44214</controlfield>
  <controlfield tag="008">140210s20149999gr a   j      00000 gre d</controlfield>
  <datafield tag="035" ind1=" " ind2=" ">
   <subfield code="l">47154</subfield>
  </datafield>
  <datafield tag="040" ind1=" " ind2=" ">
   <subfield code="a">GR-PeUP</subfield>
  </datafield>
  <datafield tag="082" ind1="0" ind2="0">
   <subfield code="a">938.5 ΝΑΤ</subfield>
  </datafield>
  <datafield tag="110" ind1="2" ind2=" ">
   <subfield code="a">National Geographic Society (U.S.).</subfield>
  </datafield>
  <datafield tag="245" ind1="1" ind2="0">
   <subfield code="a">Ιστορικά μνημεία της Ελλάδας :</subfield>
   <subfield code="b">Αθήνα Ακρόπολη, Αρχαία Αγορά, Ωδείο Ηρώδου Αττικού, Κεραμεικός, Λαύριο, Σούνιο.</subfield>
  </datafield>
  <datafield tag="260" ind1=" " ind2=" ">
   <subfield code="a">Αθήνα :</subfield>
   <subfield code="b">ΣΕΛΕΝΑ ΕΚΔΟΤΙΚΗ Α.Ε.,</subfield>
   <subfield code="c">2014.</subfield>
  </datafield>
  <datafield tag="300" ind1=" " ind2=" ">
   <subfield code="a">159 σ. :</subfield>
   <subfield code="b">εικ. ;</subfield>
   <subfield code="c">28 εκ.</subfield>
  </datafield>
  <datafield tag="500" ind1=" " ind2=" ">
   <subfield code="a">Διανέμεται με το περιοδικό &quot; National Geographic. Ελλάδα&quot;, τ. 33, no 1, Φεβριούριος 2014.</subfield>
  </datafield>
  <datafield tag="650" ind1=" " ind2="4">
   <subfield code="a">Μνημεία</subfield>
   <subfield code="z">Ελλάδα</subfield>
   <subfield code="z">Αττική (Νομός)</subfield>
   <subfield code="z">Αθήνα.</subfield>
  </datafield>
  <datafield tag="651" ind1=" " ind2="4">
   <subfield code="a">Ακρόπολις(Αθήνα).</subfield>
  </datafield>
  <datafield tag="852" ind1=" " ind2=" ">
   <subfield code="a">INST</subfield>
   <subfield code="b">UNIPILB</subfield>
   <subfield code="c">MAIN</subfield>
   <subfield code="e">20140210</subfield>
   <subfield code="h">938.5 ΝΑΤ</subfield>
   <subfield code="p">00170291</subfield>
   <subfield code="q">00170291</subfield>
   <subfield code="t">LOAN</subfield>
   <subfield code="y">0</subfield>
   <subfield code="4">1</subfield>
  </datafield>
 </record>
</collection>
